[Event "LSS RA-2010-0-00082"]
[Site "LSS email"]
[Date "2010.02.23"]
[Round "?"]
[White "Baron, Ovidiu"]
[Black "Kesselheim, Peter"]
[Result "0-1"]
[WhiteElo "1845"]
[BlackElo "2146"]
[PlyCount "36"]
[EventDate "2010.01.30"]
[EventType "tourn (corr)"]
[EventRounds "6"]
[EventCountry "GER"]
[SourceTitle "Telechess CBM 147"]
[Source "ChessBase"]
[SourceDate "2012.03.16"]
[SourceVersion "1"]
[SourceVersionDate "2012.03.16"]
[SourceQuality "1"]

1. d4 Nf6 2. c4 e6 3. Nc3 Bb4 4. Qc2 0-0 5. Nf3 c5 6. Bd2 cxd4 7. Nxd4 Nc6 8. e3 d5 9. Bd3 Nxd4 10. exd4 dxc4 11. Bxc4 Qxd4 12. Be2 Rd8 13. Be3 Qe5 14. 0-0 Bd7 15. Bf3 Bc6 16. Bxc6 Ng4 17. g3 Nxe3 18. fxe3 Qxe3+ 0-1

[Event "LSS RA-2010-0-00082"]
[Site "LSS email"]
[Date "2010.02.23"]
[Round "?"]
[White "Baron, Ovidiu"]
[Black "Szabo, Mihaly"]
[Result "0-1"]
[WhiteElo "1845"]
[BlackElo "2138"]
[PlyCount "36"]
[EventDate "2010.01.30"]
[EventType "tourn (corr)"]
[EventRounds "6"]
[EventCountry "GER"]
[SourceTitle "Telechess CBM 147"]
[Source "ChessBase"]
[SourceDate "2012.03.16"]
[SourceVersion "1"]
[SourceVersionDate "2012.03.16"]
[SourceQuality "1"]

1. d4 d5 2. c4 e6 3. e3 Nf6 4. Nc3 c5 5. Nf3 Nc6 6. cxd5 exd5 7. dxc5 Bxc5 8. Bb5 0-0 9. 0-0 Re8 10. h3 Bf5 11. a3 a6 12. Bd3 Be4 13. Bxe4 dxe4 14. Nd2 Bd6 15. Qc2 Qe7 16. b4 Rac8 17. Bb2 Qe5 18. g3 Qf5 0-1

[Event "LSS RA-2010-0-00082"]
[Site "LSS email"]
[Date "2010.02.23"]
[Round "?"]
[White "Hardy, David G"]
[Black "Baron, Ovidiu"]
[Result "1-0"]
[WhiteElo "2034"]
[BlackElo "1845"]
[PlyCount "25"]
[EventDate "2010.01.30"]
[EventType "tourn (corr)"]
[EventRounds "6"]
[EventCountry "GER"]
[SourceTitle "Corr 2013"]
[Source "ChessBase"]
[SourceDate "2012.11.12"]
[SourceVersion "1"]
[SourceVersionDate "2012.11.12"]
[SourceQuality "1"]

1. e4 e6 2. d4 d5 3. Nc3 dxe4 4. Nxe4 Nd7 5. Nf3 Ngf6 6. Nxf6+ Nxf6 7. Bd3 Bd6 8. 0-0 0-0 9. Bg5 h6 10. Bh4 b6 11. Qe2 Bb7 12. Rad1 Be7 13. Bg3 1-0

[Event "LSS RB-2008-0-00012"]
[Site "LSS email"]
[Date "2008.06.03"]
[Round "?"]
[White "Jovanovic, Bratislav"]
[Black "Baron, Ovidiu"]
[Result "1-0"]
[WhiteElo "1885"]
[BlackElo "1888"]
[PlyCount "23"]
[EventDate "2008.05.28"]
[EventType "tourn (corr)"]
[EventRounds "6"]
[EventCountry "GER"]
[SourceTitle "Corr 2013"]
[Source "ChessBase"]
[SourceDate "2012.11.12"]
[SourceVersion "1"]
[SourceVersionDate "2012.11.12"]
[SourceQuality "1"]

1. e4 c5 2. Nf3 Nc6 3. d4 cxd4 4. Nxd4 e6 5. c4 Bc5 6. Nb3 Bb4+ 7. Bd2 d6 8. Bxb4 Nxb4 9. Nc3 a6 10. Qd2 Nf6 11. Rd1 Ke7 12. Qg5 1-0

[Event "FICGS theme 0000 email"]
[Site "FICGS email"]
[Date "2007.03.01"]
[Round "1"]
[White "Taylor, William J"]
[Black "Baron, Ovidiu"]
[Result "1-0"]
[WhiteElo "2041"]
[BlackElo "1738"]
[PlyCount "21"]
[EventDate "2007.??.??"]
[EventType "swiss (corr)"]
[EventRounds "1"]
[SourceTitle "Corr 2022"]
[Source "ChessBase"]
[SourceDate "2021.10.24"]
[SourceVersion "1"]
[SourceVersionDate "2021.10.24"]
[SourceQuality "1"]

1. e4 e5 2. Nf3 Nc6 3. Bc4 Bc5 4. b4 Bxb4 5. c3 Bc5 6. d4 exd4 7. 0-0 d6 8. cxd4 Bb6 9. Nc3 Nf6 10. Ba3 Bg4 11. e5 1-0

[Event "FICGS theme 0000 email"]
[Site "FICGS email"]
[Date "2007.02.28"]
[Round "1"]
[White "Sarihan, Mustafa"]
[Black "Baron, Ovidiu"]
[Result "1/2-1/2"]
[WhiteElo "1599"]
[BlackElo "1779"]
[PlyCount "27"]
[EventDate "2007.??.??"]
[EventType "swiss (corr)"]
[EventRounds "1"]
[SourceTitle "Corr 2022"]
[Source "ChessBase"]
[SourceDate "2021.10.24"]
[SourceVersion "1"]
[SourceVersionDate "2021.10.24"]
[SourceQuality "1"]

1. a4 e5 2. h4 Bc5 3. e3 d5 4. d4 exd4 5. exd4 Bd6 6. Bg5 Nf6 7. Qe2+ Be6 8. Qb5+ Nbd7 9. Qxb7 Rb8 10. Qxa7 Rxb2 11. Bd3 h6 12. Bc1 Rb8 13. Nf3 0-0 14. 0-0 1/2-1/2

[Event "IECG RI.2007.0.00095 email"]
[Site "IECG email"]
[Date "2007.02.22"]
[Round "?"]
[White "Baron, Ovidiu"]
[Black "Buchaillot, Luis Mario"]
[Result "1/2-1/2"]
[WhiteElo "1917"]
[BlackElo "1887"]
[PlyCount "36"]
[EventDate "2007.02.22"]
[EventType "tourn (corr)"]
[EventRounds "6"]
[SourceTitle "Corr 2008"]
[Source "ChessBase"]
[SourceDate "2008.06.24"]
[SourceVersion "1"]
[SourceVersionDate "2008.06.24"]
[SourceQuality "1"]

1. d4 g6 2. c4 Bg7 3. Nf3 Nf6 4. Nc3 d6 5. e3 0-0 6. Bd3 Nbd7 7. 0-0 e5 8. d5 a6 9. e4 Nh5 10. Ng5 h6 11. Nf3 Nf4 12. g3 Nh3+ 13. Kg2 Nc5 14. Be2 a5 15. Be3 b6 16. Qd2 Kh7 17. Ng1 Nxg1 18. Kxg1 f5 1/2-1/2

[Event "IECG RI.2007.0.00095 email"]
[Site "IECG email"]
[Date "2007.02.22"]
[Round "?"]
[White "Baron, Ovidiu"]
[Black "Rubinstein, Mikhail"]
[Result "0-1"]
[WhiteElo "1917"]
[BlackElo "1659"]
[PlyCount "62"]
[EventDate "2007.02.22"]
[EventType "tourn (corr)"]
[EventRounds "6"]
[SourceTitle "Corr 2008"]
[Source "ChessBase"]
[SourceDate "2008.06.24"]
[SourceVersion "1"]
[SourceVersionDate "2008.06.24"]
[SourceQuality "1"]

1. d4 Nf6 2. c4 c5 3. e3 g6 4. Nc3 Bg7 5. Nf3 0-0 6. Be2 cxd4 7. exd4 d5 8. cxd5 Nxd5 9. 0-0 Nc6 10. Be3 Be6 11. Ng5 Bf5 12. Nf3 Rc8 13. Rc1 Nxe3 14. fxe3 Bh6 15. Kf2 Re8 16. d5 Nb4 17. Qd2 e6 18. Bb5 exd5 19. Bxe8 Qxe8 20. Rce1 Nd3+ 21. Kg1 Nxe1 22. Rxe1 Be4 23. Nxe4 Qxe4 24. Nd4 Rc4 25. b3 Bxe3+ 26. Qxe3 Qxe3+ 27. Rxe3 Rxd4 28. Re7 Rd1+ 29. Kf2 Rd2+ 30. Ke3 Rxg2 31. Rxb7 Rxa2 0-1

[Event "IECG RI.2007.0.00095 email"]
[Site "IECG email"]
[Date "2007.02.22"]
[Round "?"]
[White "Dehaybe, Andre"]
[Black "Baron, Ovidiu"]
[Result "1-0"]
[WhiteElo "1972"]
[BlackElo "1917"]
[PlyCount "65"]
[EventDate "2007.02.22"]
[EventType "tourn (corr)"]
[EventRounds "6"]
[SourceTitle "Corr 2008"]
[Source "ChessBase"]
[SourceDate "2008.06.24"]
[SourceVersion "1"]
[SourceVersionDate "2008.06.24"]
[SourceQuality "1"]

1. e4 e5 2. Nf3 Nf6 3. Nxe5 d6 4. Nf3 Nxe4 5. Nc3 Nxc3 6. dxc3 Be7 7. Bd3 0-0 8. 0-0 Nd7 9. Be3 Bf6 10. Re1 Ne5 11. Nxe5 Bxe5 12. Qf3 Qf6 13. Qe4 g6 14. f4 Bxc3 15. bxc3 Qxc3 16. Bd4 Qc6 17. Qxc6 bxc6 18. Re7 Be6 19. Rxc7 Rfc8 20. Rxc8+ Rxc8 21. Rb1 Bxa2 22. Ra1 Be6 23. Rxa7 Re8 24. Bf6 d5 25. Kf2 Rb8 26. Ke3 c5 27. c3 h6 28. Be5 Rc8 29. Ba6 Re8 30. Bb7 h5 31. Ra8 Rxa8 32. Bxa8 Kf8 33. Bd6+ 1-0

[Event "IECG RI.2007.0.00095 email"]
[Site "IECG email"]
[Date "2007.02.22"]
[Round "?"]
[White "Garcia Medinilla, Daniel"]
[Black "Baron, Ovidiu"]
[Result "1-0"]
[WhiteElo "1945"]
[BlackElo "1917"]
[PlyCount "36"]
[EventDate "2007.02.22"]
[EventType "tourn (corr)"]
[EventRounds "6"]
[SourceTitle "Corr 2008"]
[Source "ChessBase"]
[SourceDate "2008.06.24"]
[SourceVersion "1"]
[SourceVersionDate "2008.06.24"]
[SourceQuality "1"]

1. e4 e5 2. Nf3 Nf6 3. d4 Nxe4 4. Bd3 d5 5. Nxe5 Nf6 6. Bg5 Be7 7. 0-0 0-0 8. Nc3 c6 9. Re1 h6 10. Bd2 Re8 11. Qf3 Nbd7 12. Rad1 Bd6 13. Qg3 Bxe5 14. dxe5 Nh5 15. Qh3 Nxe5 16. Qxh5 Bg4 17. Rxe5 Bxh5 18. Rxh5 Qd6 1-0

[Event "FICGS W-ch st1 g17 email"]
[Site "FICGS email"]
[Date "2007.01.16"]
[Round "1"]
[White "Baron, Ovidiu"]
[Black "Broccardo, Marco"]
[Result "1-0"]
[WhiteElo "1779"]
[BlackElo "1400"]
[PlyCount "55"]
[EventDate "2007.??.??"]
[EventType "tourn (corr)"]
[EventRounds "8"]
[SourceTitle "Corr 2022"]
[Source "ChessBase"]
[SourceDate "2021.10.24"]
[SourceVersion "1"]
[SourceVersionDate "2021.10.24"]
[SourceQuality "1"]

1. e4 e5 2. Nf3 Nc6 3. Bb5 Nf6 4. d3 a6 5. Bxc6 dxc6 6. Nxe5 Be6 7. 0-0 g6 8. Nc3 Bg7 9. Nf3 Qd7 10. e5 Nd5 11. Ne4 f6 12. exf6 Bxf6 13. Nc5 Qd6 14. Nxe6 Kd7 15. Neg5 Bxg5 16. Nxg5 Raf8 17. Qg4+ Rf5 18. Nf7 Nf6 19. Qh3 Qd4 20. Nxh8 Ke7 21. Re1+ Kf8 22. Nxg6+ hxg6 23. Qh8+ Kf7 24. Bh6 Qxf2+ 25. Kh1 Qxe1+ 26. Rxe1 Ne4 27. dxe4 Rf2 28. Qf8+ 1-0

[Event "IECG RI.2007.0.00088 email"]
[Site "IECG email"]
[Date "2007.01.07"]
[Round "?"]
[White "Baron, Ovidiu"]
[Black "Carneiro, Luis Guilherme"]
[Result "1/2-1/2"]
[WhiteElo "1917"]
[BlackElo "1828"]
[PlyCount "53"]
[EventDate "2007.01.07"]
[EventType "tourn (corr)"]
[EventRounds "6"]
[SourceTitle "Corr 2008"]
[Source "ChessBase"]
[SourceDate "2008.06.24"]
[SourceVersion "1"]
[SourceVersionDate "2008.06.24"]
[SourceQuality "1"]

1. d4 d5 2. c4 c6 3. Nc3 Nf6 4. e3 e6 5. Nf3 Be7 6. Bd3 0-0 7. 0-0 Nbd7 8. b3 b6 9. Bb2 Bb7 10. Qe2 c5 11. Rfd1 cxd4 12. exd4 Rc8 13. Ne5 h6 14. Rac1 a6 15. cxd5 Nxd5 16. Nxd5 Bxd5 17. Rxc8 Qxc8 18. Bxa6 Qd8 19. Bc4 Bxc4 20. Nxc4 Nf6 21. a4 Nd5 22. g3 Bb4 23. Rc1 Qg5 24. Ne5 Qf5 25. Rc6 Re8 26. Qd3 Qh5 27. Qf3 1/2-1/2

[Event "IECG RI.2007.0.00088 email"]
[Site "IECG email"]
[Date "2007.01.07"]
[Round "?"]
[White "Baron, Ovidiu"]
[Black "Sherwood, Russell"]
[Result "1/2-1/2"]
[WhiteElo "1917"]
[BlackElo "1829"]
[PlyCount "36"]
[EventDate "2007.01.07"]
[EventType "tourn (corr)"]
[EventRounds "6"]
[SourceTitle "Corr 2008"]
[Source "ChessBase"]
[SourceDate "2008.06.24"]
[SourceVersion "1"]
[SourceVersionDate "2008.06.24"]
[SourceQuality "1"]

1. Nf3 c5 2. c4 Nf6 3. Nc3 Nc6 4. d4 cxd4 5. Nxd4 e6 6. a3 Bc5 7. Nb3 Be7 8. e4 0-0 9. Be2 b6 10. 0-0 Ba6 11. f4 d6 12. Be3 Rc8 13. Bf2 Qc7 14. Nb5 Qd7 15. Qd3 Bb7 16. Rad1 Rfd8 17. Qe3 d5 18. Bf3 Na5 1/2-1/2

[Event "LSS CP-2006-P-00065"]
[Site "LSS email"]
[Date "2006.10.01"]
[Round "?"]
[White "Baron, Ovidiu"]
[Black "Andersen, Lars Kirstein"]
[Result "1/2-1/2"]
[WhiteElo "1736"]
[BlackElo "2081"]
[PlyCount "43"]
[EventDate "2006.10.01"]
[EventType "tourn (corr)"]
[EventRounds "6"]
[EventCountry "GER"]
[SourceTitle "Corr 2022"]
[Source "ChessBase"]
[SourceDate "2021.10.24"]
[SourceVersion "1"]
[SourceVersionDate "2021.10.24"]
[SourceQuality "1"]

1. d4 d5 2. Nf3 Nf6 3. c4 c6 4. Nc3 e6 5. e3 Nbd7 6. Bd3 dxc4 7. Bxc4 b5 8. Be2 Bb7 9. 0-0 Be7 10. a3 a6 11. b4 a5 12. Bd2 0-0 13. Qb3 Bd6 14. Bd3 axb4 15. axb4 Qe7 16. Ne4 Nxe4 17. Bxe4 Nf6 18. Bd3 Rfd8 19. h3 Rxa1 20. Rxa1 h6 21. Ne5 Bxe5 22. dxe5 1/2-1/2

[Event "LSS SI-2006-0-00053"]
[Site "LSS email"]
[Date "2006.09.14"]
[Round "?"]
[White "Baron, Ovidiu"]
[Black "Suarez, Rolando"]
[Result "1-0"]
[WhiteElo "1845"]
[BlackElo "1714"]
[PlyCount "25"]
[EventDate "2006.08.22"]
[EventType "tourn (corr)"]
[EventRounds "10"]
[EventCountry "GER"]
[SourceTitle "Corr 2015"]
[Source "ChessBase"]
[SourceDate "2015.07.17"]
[SourceVersion "1"]
[SourceVersionDate "2015.07.17"]
[SourceQuality "1"]

1. d4 Nf6 2. c4 e6 3. Nc3 Bb4 4. Nf3 c5 5. g3 Ne4 6. Qd3 cxd4 7. Nxd4 Nxc3 8. bxc3 Be7 9. Bg2 d6 10. Ba3 a6 11. Rd1 Qc7 12. Nb3 0-0 13. Bxd6 1-0

[Event "FICGS class C 000012 email"]
[Site "FICGS email"]
[Date "2006.09.07"]
[Round "1"]
[White "Baron, Ovidiu"]
[Black "Burden, Don"]
[Result "1/2-1/2"]
[WhiteElo "1727"]
[BlackElo "1787"]
[PlyCount "88"]
[EventDate "2006.??.??"]
[EventType "tourn (corr)"]
[EventRounds "4"]
[SourceTitle "Corr 2022"]
[Source "ChessBase"]
[SourceDate "2021.10.24"]
[SourceVersion "1"]
[SourceVersionDate "2021.10.24"]
[SourceQuality "1"]

1. e4 c5 2. Nf3 d6 3. d4 cxd4 4. Nxd4 Nf6 5. Nc3 a6 6. Be3 e5 7. Nb3 Be6 8. f4 Ng4 9. Bd2 Qb6 10. Qf3 exf4 11. Qxf4 Nd7 12. Be2 Nge5 13. Be3 Qc7 14. Nd4 b5 15. Qg3 Nf6 16. 0-0 Be7 17. a3 0-0 18. Nf5 Bxf5 19. Rxf5 Qb7 20. Bd3 a5 21. Re1 b4 22. Nd5 Nxd5 23. exd5 bxa3 24. bxa3 Qxd5 25. Kh1 g6 26. Bh6 Rfe8 27. Be4 Qe6 28. Rxe5 dxe5 29. Bxa8 Rxa8 30. Rxe5 Bd6 31. Rxe6 Bxg3 32. Rc6 Be5 33. a4 f6 34. g3 Kf7 35. Bd2 Ra7 36. Kg2 Rc7 37. Rxc7+ Bxc7 38. Kf3 Ke6 39. Ke4 Bb6 40. Kd3 Kd5 41. g4 Bc7 42. h3 f5 43. gxf5 gxf5 44. Be3 Bd8 1/2-1/2

[Event "FICGS class C 000012 email"]
[Site "FICGS email"]
[Date "2006.09.07"]
[Round "1"]
[White "Kepinski, Janusz"]
[Black "Baron, Ovidiu"]
[Result "1/2-1/2"]
[WhiteElo "1700"]
[BlackElo "1727"]
[PlyCount "81"]
[EventDate "2006.??.??"]
[EventType "tourn (corr)"]
[EventRounds "4"]
[SourceTitle "Corr 2022"]
[Source "ChessBase"]
[SourceDate "2021.10.24"]
[SourceVersion "1"]
[SourceVersionDate "2021.10.24"]
[SourceQuality "1"]

1. d4 Nf6 2. c4 e6 3. Nc3 Bb4 4. Qc2 0-0 5. a3 Bxc3+ 6. Qxc3 b6 7. Bg5 c5 8. e3 d6 9. Bd3 Nbd7 10. Ne2 Ba6 11. 0-0 Rc8 12. Rfd1 h6 13. Bh4 cxd4 14. Qxd4 Ne5 15. b3 Nxd3 16. Rxd3 d5 17. Qf4 Qc7 18. Bxf6 Qxf4 19. Nxf4 gxf6 20. e4 dxc4 21. bxc4 Rc5 22. Rd7 Ra8 23. f3 Kf8 24. Rad1 Bxc4 25. Rc1 Bb5 26. Rxc5 Bxd7 27. Rc7 Ke7 28. Nh5 Kd6 29. Rc2 f5 30. Rd2+ Ke7 31. exf5 exf5 32. Kf2 Rc8 33. Nf4 Be6 34. Ke3 Rc1 35. Rd4 Re1+ 36. Kf2 Ra1 37. Rd3 Bc4 38. Rc3 b5 39. Ke3 a5 40. g3 Re1+ 41. Kd2 1/2-1/2

[Event "IECG SI.2006.0.00053"]
[Site "IECG email"]
[Date "2006.08.22"]
[Round "?"]
[White "Baron, Ovidiu"]
[Black "Lahdenmaeki, Leo"]
[Result "1/2-1/2"]
[WhiteElo "1736"]
[BlackElo "1960"]
[PlyCount "105"]
[EventDate "2006.08.22"]
[EventType "tourn (corr)"]
[EventRounds "6"]
[SourceTitle "Corr 2008"]
[Source "ChessBase"]
[SourceDate "2008.06.24"]
[SourceVersion "1"]
[SourceVersionDate "2008.06.24"]
[SourceQuality "1"]

1. d4 Nf6 2. c4 g6 3. Nc3 d5 4. Nf3 Bg7 5. Bg5 Ne4 6. cxd5 Nxg5 7. Nxg5 e6 8. Nf3 exd5 9. Qb3 c6 10. e3 0-0 11. Bd3 Nd7 12. 0-0 Qb6 13. h3 Qxb3 14. axb3 a6 15. Rfe1 Re8 16. b4 Nb6 17. Na4 Nxa4 18. Rxa4 Bd7 19. Rea1 f5 20. g3 h6 21. Rc1 g5 22. Kg2 Kf7 23. Raa1 Bf6 24. Rh1 h5 25. Rhg1 Rh8 26. Ne5+ Bxe5 27. dxe5 Be6 28. f4 Rhg8 29. Kf2 h4 30. Be2 Raf8 31. Bd3 Bc8 32. Rg2 Rh8 33. Rag1 g4 34. gxh4 Rxh4 35. hxg4 fxg4 36. Be2 Rg8 37. Kg3 Rh7 38. Kf2 Rhg7 39. Bd3 Ke7 40. Ke2 Rf8 41. Rf1 Rh8 42. f5 Rg5 43. e4 dxe4 44. Bxe4 Bd7 45. e6 Be8 46. Ke3 Kf6 47. Rfg1 Rh4 48. Rg3 Ke5 49. Rc1 Bh5 50. Rc5+ Kf6 51. Rc2 Ke5 52. Rc5+ Kf6 53. Rc2 1/2-1/2

[Event "IECG SI.2006.0.00055"]
[Site "IECG email"]
[Date "2006.07.08"]
[Round "?"]
[White "Baron, Ovidiu"]
[Black "Ciesla, Daniel"]
[Result "1-0"]
[WhiteElo "1715"]
[BlackElo "1622"]
[PlyCount "47"]
[EventDate "2006.07.08"]
[EventType "tourn (corr)"]
[EventRounds "6"]
[SourceTitle "Corr 2008"]
[Source "ChessBase"]
[SourceDate "2008.06.24"]
[SourceVersion "1"]
[SourceVersionDate "2008.06.24"]
[SourceQuality "1"]

1. d4 Nf6 2. c4 e6 3. Nc3 Bb4 4. Qc2 0-0 5. a3 Bxc3+ 6. bxc3 Qe7 7. Nf3 d6 8. Bg5 b6 9. Bxf6 Qxf6 10. Qe4 c6 11. e3 d5 12. Qc2 Nd7 13. Bd3 h6 14. cxd5 exd5 15. 0-0 Re8 16. c4 dxc4 17. Bxc4 Bb7 18. Rfe1 c5 19. d5 Ne5 20. Nxe5 Rxe5 21. e4 Rh5 22. g3 Re8 23. f4 Qg6 24. Qg2 1-0

[Event "FICGS W-ch st1 g04 email"]
[Site "FICGS email"]
[Date "2006.07.01"]
[Round "1"]
[White "Baron, Ovidiu"]
[Black "Grazinys, Vidmantas"]
[Result "1-0"]
[WhiteElo "1615"]
[BlackElo "2239"]
[PlyCount "119"]
[EventDate "2006.??.??"]
[EventType "tourn (corr)"]
[EventRounds "8"]
[SourceTitle "Corr 2022"]
[Source "ChessBase"]
[SourceDate "2021.10.24"]
[SourceVersion "1"]
[SourceVersionDate "2021.10.24"]
[SourceQuality "1"]

1. d4 d5 2. c4 e6 3. Nc3 Nf6 4. Nf3 Be7 5. Bg5 h6 6. Bh4 0-0 7. e3 b6 8. Bd3 dxc4 9. Bxc4 Bb7 10. 0-0 Nbd7 11. Qe2 a6 12. a4 c5 13. Rad1 Qc7 14. Bg3 Bd6 15. Bxd6 Qxd6 16. Rd2 Qc7 17. Rfd1 cxd4 18. Nxd4 Ne5 19. Bb3 Rfd8 20. f3 Nc6 21. Nxc6 Rxd2 22. Qxd2 Bxc6 23. Qd6 Rc8 24. Qxc7 Rxc7 25. Rd8+ Kh7 26. Bc4 a5 27. Kf1 Kg6 28. Bd3+ Kh5 29. Ke2 Nd5 30. Nxd5 Bxd5 31. Rd6 Bc6 32. b3 Kg5 33. e4 Kf4 34. g3+ Ke5 35. Rd8 Kf6 36. f4 Ke7 37. Rg8 g6 38. Rb8 Rb7 39. Ra8 e5 40. Ke3 Kd6 41. f5 gxf5 42. exf5 e4 43. Bxe4 Re7 44. Rd8+ Kc5 45. Rd4 b5 46. axb5 Bxb5 47. g4 Re8 48. h4 Rg8 49. Rd5+ Kb4 50. Bf3 Re8+ 51. Kf4 Rc8 52. g5 hxg5+ 53. Kxg5 Bc6 54. Rd3 Bb5 55. Rd1 Ba6 56. h5 Kxb3 57. Bd5+ Bc4 58. Bxc4+ Rxc4 59. h6 Rc8 60. h7 1-0